The Lower Cretaceous (Albian) ammonite genera Leconteites and Brewericeras /

Bibliographic Details
Main Author: Jones, David L.
Other Authors: Murphy, Michael A., 1925-, Packard, Earl L.
Format: Government Document Book
Language:English
Published: Washington, D.C. : U.S. Gov. Print. Off, 1965.
Series:Geological Survey professional paper. Contributions to paleontology.
Geological Survey professional paper ; 503-f.
Subjects:

MARC

Tag First Indicator Second Indicator Subfields
LEADER 00000cam a2200000Mi 4500
001 in00002782653
005 20160108111035.0
008 020220s1965 dcu 000 0 eng d
035 |a (OCoLC)ocn248062671 
035 |a (OCoLC)248062671 
040 |a GyGoGBV  |e rakwb  |b ger  |c GBVCP  |d UtOrBLW 
049 |a TXAM 
086 |a I 19.16:503-F 
100 1 |a Jones, David L. 
245 1 4 |a The Lower Cretaceous (Albian) ammonite genera Leconteites and Brewericeras /  |c David L. Jones; MIchael A. Murphy; Earl L. Packard. 
264 1 |a Washington, D.C. :  |b U.S. Gov. Print. Off,  |c 1965. 
300 |a III, 21 S., 11 Taf :  |b illustrations, graph. Darst., Kt. 
336 |a text  |b txt  |2 rdacontent 
337 |a unmediated  |b n  |2 rdamedia 
338 |a volume  |b nc  |2 rdacarrier 
490 1 |a Contributions to paleontology 
490 1 |a Geological Survey professional paper ;  |v 503-f 
651 4 |a Nordamerika <West>  |x Ammoniten  |x Systematik  |x Albium. 
700 1 |a Murphy, Michael A.,  |d 1925- 
700 1 |a Packard, Earl L. 
830 0 |a Geological Survey professional paper.  |p Contributions to paleontology. 
830 0 |a Geological Survey professional paper ;  |v 503-f. 
948 |a cataloged  |b h  |c 2012/12/12  |d c  |e mvaldespin  |f 03:26:42 pm 
994 |a C0  |b TXA 
999 |a MARS 
999 f f |s 9b28e807-7fe3-31bb-8614-51793ecf1c41  |i 3f826885-55b0-38f2-88da-306201b3900d  |t 0 
952 f f |p normal  |a Texas A&M University  |b College Station  |c Sterling C. Evans Library  |d Evans: US Documents (Annex 5th floor)  |t 0  |e I 19.16:503-A-F  |h Superintendent of Documents classification  |i unmediated -- volume  |m A14818344465 
952 f f |a Texas A&M University  |b College Station  |c Sterling C. Evans Library  |d Evans: US Documents (Annex 5th floor)  |t 0  |e I 19.16:503-A-F  |h Superintendent of Documents classification 
998 f f |a I 19.16:503-A-F  |t 0  |l Evans: US Documents (Annex 5th floor)